| 000 | 02757cam a22011534i 4500 | ||
|---|---|---|---|
| 003 | PE-LiUPU | ||
| 005 | 20250813185339.0 | ||
| 008 | 161013s r 000 0 spa d | ||
| 020 | _a6123113402 | ||
| 020 | _a9786123113407 | ||
| 035 | _a(Sirsi) a164228 | ||
| 049 | _aPRUA | ||
| 082 | 0 | 4 |
_a336.2 _bV66 |
| 100 | 1 |
_aVillazana Ochoa, Saúl, _eautor. |
|
| 245 |
_aTributación Laboral / _cSaúl Villazana Ochoa, Fiorella Tovalino Castro. |
||
| 264 |
_aLima : _bContadores & Empresas, _c2016. |
||
| 300 |
_a222 páginas ; _b24 centímetros. |
||
| 336 |
_text _2rdacontent |
||
| 337 |
_unmediated _2rdamedia |
||
| 338 |
_volume _2rdacarrier |
||
| 505 | 0 | _aAspectos generales -- Remuneraciones -- Gratificaciones -- Vacaciones -- Compensación por tiempo de servicio (CTS) -- Tributación del trabajo independiente-rentas de cuarta categoría -- Rentas del trabajo dependiente-rentas de quinta categoría -- ESSALUD -- CONAFOVICER -- SENATI -- SENCICO. | |
| 526 | _aP202 | ||
| 526 | _aP201 | ||
| 526 | _aP163 | ||
| 526 | _aP162 | ||
| 526 | _aP161 | ||
| 526 | _aP160 | ||
| 526 | _aP148 | ||
| 526 | _aP147 | ||
| 526 | _aP146 | ||
| 526 | _aP145 | ||
| 526 | _aP144 | ||
| 526 | _aP143 | ||
| 526 | _aP142 | ||
| 526 | _aP141 | ||
| 526 | _aP140 | ||
| 526 | _aP139 | ||
| 526 | _aP138 | ||
| 526 | _aP137 | ||
| 526 | _aP136 | ||
| 526 | _aP135 | ||
| 526 | _aP134 | ||
| 526 | _aP133 | ||
| 526 | _aP129 | ||
| 526 | _aP128 | ||
| 526 | _aP127 | ||
| 526 | _aP120 | ||
| 526 | _aP119 | ||
| 526 | _aP118 | ||
| 526 | _aP116 | ||
| 526 | _aP115 | ||
| 526 | _aP114 | ||
| 526 | _aP110 | ||
| 526 | _aP109 | ||
| 526 | _aP108 | ||
| 526 | _aP104 | ||
| 526 | _aP103 | ||
| 526 | _aP102 | ||
| 526 | _aP99 | ||
| 526 | _aP98 | ||
| 526 | _aP97 | ||
| 526 | _aP96 | ||
| 526 | _aP95 | ||
| 526 | _aP93 | ||
| 526 | _aP90 | ||
| 526 | _aP89 | ||
| 526 | _aP88 | ||
| 526 | _aP83 | ||
| 526 | _aP82 | ||
| 526 | _aP62 | ||
| 526 | _aP59 | ||
| 526 | _aP58 | ||
| 526 | _aP57 | ||
| 526 | _aP51 | ||
| 526 | _aP49 | ||
| 526 | _aP48 | ||
| 526 | _aP47 | ||
| 526 | _aP29 | ||
| 526 | _aP24 | ||
| 526 | _aP20 | ||
| 526 | _aP19 | ||
| 526 | _aP17 | ||
| 526 | _aP15 | ||
| 526 | _aP14 | ||
| 526 | _aP12 | ||
| 526 | _aP10 | ||
| 526 | _aP09 | ||
| 526 | _aP08 | ||
| 526 | _aP07 | ||
| 526 | _aP06 | ||
| 526 | _aP05 | ||
| 526 | _aP04 | ||
| 526 | _aP01 | ||
| 700 | 0 | 4 |
_aTovalino Castro, Fiorella, _eautor. |
| 596 | _a1 | ||
| 942 |
_2ddc _cBOOK |
||
| 999 |
_a336.2 V66 _wDEWEY _c13066 _i75191 _d13066 _f2021-11-5 _g6 _lCCODEBUL1 _mBUL _p5.00 _q2 _r0 _sY _tBOOK _u2016-10-13 _xFCE _PP08 _0COMPRA _o.STAFF. Colección FCE |
||
| 980 |
_81 _gALBERTO SANCHEZ Responsable de Automatización |
||